Código de justicia militar: concordancias e índice de materias
Guardat en:
| Autor corporatiu: | |
|---|---|
| Altres autors: | , |
| Format: | Llibre |
| Idioma: | espanyol |
| Publicat: |
Santiago, Chile:
Legal Publishing; Thomson Reuters,
2013
|
| Edició: | Decimotercera Edición. |
| Col·lecció: | Colección de Códigos 2013
|
| Matèries: | |
| Etiquetes: |
Afegir etiqueta
Sense etiquetes, Sigues el primer a etiquetar aquest registre!
|
MARC
| LEADER | 00000cam a2200000 a 4500 | ||
|---|---|---|---|
| 001 | UCF7033 | ||
| 003 | CL-VaPUC | ||
| 005 | 20241204152631.0 | ||
| 008 | 130606e20130000CL |||||||||||||||||spa|d | ||
| 999 | |c 351993 |d 351991 | ||
| 020 | |a 9789563462852 | ||
| 040 | |c Pontificia Universidad Católica de Valparaíso | ||
| 082 | 0 | 4 | |a 343.8301026 CHI 2013 |2 21 |
| 110 | 1 | |a Chile |9 890760 | |
| 245 | 1 | 0 | |a Código de justicia militar: concordancias e índice de materias |
| 250 | |a Decimotercera Edición. |b Actualizada al 4 de enero de 2013. | ||
| 260 | |a Santiago, Chile: |b Legal Publishing; |b Thomson Reuters, |c 2013 | ||
| 300 | |a 357 páginas | ||
| 490 | 0 | |a Colección de Códigos 2013 | |
| 505 | |a -Decreto Aprobatorio N.º 2. 2226, de 1944. -Libro Primero. De los Tribunales Militares. -Libro Segundo. Del Procedimiento. -Libro Tercero. De la Penalidad. -Libro Cuarto. Otras Disposiciones. Apéndice: -Decreto Supremo N.º 87. Establece Territorio Jurisdiccional a Juzgados Militares y Fiscalías Militares Letradas Dependientes, crea Fiscalías Militares Letradas que indica y suprime. Fiscalía Militar Letrada de Puerto Montt (D.O. de 4 de septiembre de 2003). -Decreto Supremo N.º 890. Fija texto actualizado de la Ley N.º 12.927, sobre Seguridad del Estado. (D.O. de 26 de agosto de 1975). -Decreto Supremo N.º 400. Fija texto refundido, coordinado y sistematizado de la Ley N.º 17.798, sobre Control de Armas. (D.O. de 12 de septiembre de 1978) -Decreto Ley N.º 2.306. Dicta normas sobre reclutamiento y movilización de las Fuerzas Armadas. (D.O. de 12 de septiembre de 1978) -Ley N.º 18.953. Dicta normas sobre movilización. (D.O. de 9 de marzo de 1990) -Decreto Ley N.º 2.191. Concede amnistía a las personas que indica por los delitos que señala (D. O .de 19 de abril de 1978) -Decreto Supremo N.º 1.445. Reglamento de Disciplina para las Fuerzas Armadas. -Decreto Supremo N.º 1.232. Reglamento de Disciplina de la Armada. -Decreto Supremo N.º 900. Reglamento de Disciplina de Carabineros de Chile, N.º 11. (D.O. de 17 de julio de 1967) -Ley N.º 18.948. Ley Orgánica Constitucional de las Fuerzas Armadas. (D.O. de 27 de febrero de 1990) -Ley N.º 20.357. Tipifica crímenes de lesa humanidad y genocidio y crímenes y delitos de guerra. (D.O. de 18 de julio de 2009) -Ley N.º 20.424. Estatuto Orgánico del Ministerio de Defensa Nacional (D.O. de 4 de febrero de 2010) | ||
| 583 | |a last modification |c 20130606 11:56:00 |k Rodrigo Vera | ||
| 650 | 1 | |a Derecho militar |9 255065 | |
| 650 | 1 | |a Justicia militar |9 894454 | |
| 650 | 1 | |a Tribunales militares |9 328495 | |
| 650 | 1 | |a Fuerzas Armadas |9 894455 | |
| 650 | 1 | |a Derecho penal militar |9 337951 | |
| 700 | |a Cea Cienfuegos, Sergio |9 862534 | ||
| 700 | |a Morales Contardo, Patricio |9 894456 | ||
| 942 | |c BK |2 ddc | ||
| 945 | |d 20130606 00:00:00 |a dcastane | ||
| 952 | |0 0 |1 0 |4 0 |6 343_830102600000000_CHI_2013 |7 0 |8 R |9 456472 |a BIBDER |b BIBDER |d 2019-11-22 |i 497073K |o 343.8301026 CHI 2013 |p 497073K |r 2023-01-25 |w 2019-11-22 |y BK_R |k DER | ||